000
00344nam a22001457a 4500
008
210302b ||||| |||| 00| 0 eng d
020
_a
9781576873298
041
_a
eng
080
_a
94
082
_a
94
100
_a
16
101
_a
SHH
245
_a
Full of Grace a Journey Through the History of Childhood
_c
Merritt, R
942
_2
udc
_c
BK
999
_c
55507
_d
55507